Επινομίς : ή νυκτερινός σύλλογος ή φιλόσοφος ; Όροι ; Νοθευόμενοι : περί δικαίου-περί αρετής-Δημόδοκος-Σίσυφος-Ερυξίας-Αξίοχος
Αποθηκεύτηκε σε:
| Κύριος συγγραφέας: | |
|---|---|
| Μορφή: | Βιβλίο |
| Γλώσσα: | Greek Ancient Greek |
| Δημοσίευση: |
Αθήνα :
Κάκτος,
1994.
|
| Σειρά: | Έλληνες (Εκδόσεις Κάκτος)
188 |
| Θέματα: | |
| Ετικέτες: |
Προσθήκη ετικέτας
Δεν υπάρχουν, Καταχωρήστε ετικέτα πρώτοι!
|
MARC
| LEADER | 00000cam a2200000 i 4500 | ||
|---|---|---|---|
| 001 | 1/3825 | ||
| 008 | 000523s1994 gr | ||| |||| ||gre|| | ||
| 035 | |l 10060936 | ||
| 040 | |a GR-MY-UA |b gre |e aacr | ||
| 041 | 0 | |a gre |a grc | |
| 082 | 0 | |a 180.938 | |
| 100 | 0 | |a Πλάτων, |d 428 ή 7-348 ή 7 π.Χ. | |
| 245 | 1 | 0 | |a Επινομίς : |b ή νυκτερινός σύλλογος ή φιλόσοφος ; Όροι ; Νοθευόμενοι : περί δικαίου-περί αρετής-Δημόδοκος-Σίσυφος-Ερυξίας-Αξίοχος / Πλάτων ; εισαγωγή-μετάφραση-σχόλια Φιλολογική Ομάδα Κάκτου. |
| 260 | |a Αθήνα : |b Κάκτος, |c 1994. | ||
| 300 | |a 369 σ. ; |c 21 εκ. | ||
| 490 | 1 | |a (Οι Έλληνες ; |v 188) | |
| 500 | |a Το αντίτυπο της Ρόδου είναι δεμένο με: Επιστολαί / Πλάτων | ||
| 504 | |a Περιέχει βιβλιογραφία. | ||
| 650 | 0 | 0 | |a Philosophy, Ancient. |
| 830 | 0 | |a Έλληνες (Εκδόσεις Κάκτος) |v 188 | |
| 852 | |a INST |b LESVOS |e 20000523 |h 180.938 ΠΛΑ |p 005100026344 |q 005100026344 |t BK |y 0 | ||
| 852 | |a INST |b RHODES |c KRI |e 20050901 |h 180.938 ΠΛΑ |p 005400030843 |q 005400030843 |t BK |y 0 | ||
| 901 | |a BIBL1-2000-1 | ||
| 901 | |a BIBL4-2005-3 | ||
| 909 | |a Λ |b 072128 | ||
| 909 | |a Ρ |b 122055 | ||
| 922 | |a 1ΕΛΗ |b 199912 |c ΤΑΚ/ΚΥΒ |d ΠΑΠΑΣΩΤΗΡΙΟΥ | ||
| 950 | |a 023-1999-12-06 | ||
| 970 | |a ΤΖΑΦΕΡΗ |b ΕΥΑΓΓΕΛΙΑ |z 2000/05/23 | ||